Управленческие решения: учебник

書誌詳細
第一著者: Карданская Н. Л. Нина Львовна
要約:В учебнике освещаются различные аспекты технологии принятия решений. Дается комплексное изложение основных положений теории и практики принятия решений. Показаны роль и место управленческих решений в условиях научно-технологического прогресса и рыночной экономики, классификация решений и стратегии их формирования, методы и модели разработки, целевая ориентация в условиях неопределенности и риска при выборе решений, влияние управленческих решений на функционирование, сохранение и развитие производственно-экономических систем. Для студентов и преподавателей вузов, а также руководителей всех уровней.
言語:ロシア語
出版事項: Москва, ЮНИТИ-ДАНА, 2009
版:3-е изд., перераб. и доп.
主題:
フォーマット: 図書
KOHA link:https://koha.lib.tpu.ru/cgi-bin/koha/opac-detail.pl?biblionumber=160058

MARC

LEADER 00000nam0a2200000 4500
001 160058
005 20231101222146.0
010 |a 9785238015743  |b (в пер.)  |b 1000 экз. 
021 |a RU  |b 09-6242  |9 09-357 
035 |a (RuTPU)RU\TPU\book\173578 
090 |a 160058 
100 |a 20090330d2009 m y0rusy5002 ca 
101 0 |a rus 
102 |a RU 
105 |a y j 001zy 
200 1 |a Управленческие решения  |e учебник  |f Н. Л. Карданская 
205 |a 3-е изд., перераб. и доп. 
210 |a Москва  |c ЮНИТИ-ДАНА  |d 2009 
215 |a 440 с. 
320 |a Библиогр.: с. 433-439. 
330 |a В учебнике освещаются различные аспекты технологии принятия решений. Дается комплексное изложение основных положений теории и практики принятия решений. Показаны роль и место управленческих решений в условиях научно-технологического прогресса и рыночной экономики, классификация решений и стратегии их формирования, методы и модели разработки, целевая ориентация в условиях неопределенности и риска при выборе решений, влияние управленческих решений на функционирование, сохранение и развитие производственно-экономических систем. Для студентов и преподавателей вузов, а также руководителей всех уровней. 
606 0 |a Принятие решений  |x Учебники и пособия  |2 RuMRKP 
606 0 |a Организация управления  |x Учебники и пособия  |2 RuMRKP 
606 1 |a Управленческие решения  |x Принятие  |2 stltpush  |3 (RuTPU)RU\TPU\subj\37173  |9 58293 
610 1 |a экономика 
610 1 |a управление 
610 1 |a производство 
610 1 |a производственный менеджмент 
610 1 |a инвестиции 
610 1 |a системный анализ 
610 1 |a информационное обеспечение 
610 1 |a проекты 
610 1 |a информационные системы 
610 1 |a методология 
610 1 |a имитационное моделирование 
610 1 |a автоматическое дискретное управление 
610 1 |a САПР 
610 1 |a адаптивные системы 
610 1 |a производственно-экономические системы 
610 1 |a реализация 
610 1 |a прогнозирование 
610 1 |a экспертные оценки 
610 1 |a учебники 
686 |a У9(2)212.8я73  |v LBC/SL-A  |2 rubbk 
700 1 |a Карданская  |b Н. Л.  |g Нина Львовна  |4 070 
801 1 |a RU  |b 63413507  |c 20090518  |g PSBO 
801 2 |a RU  |b 63413507  |c 20150825  |g PSBO 
900 |a Управленческие решения 
942 |c BK 
952 |b 080100 
959 |a 58/20090508  |d 1  |e 367,50  |f ЧЗГЛ:1